000 01007nam a22002177a 4500
005 20250826105558.0
008 250826b |||||||| |||| 00| 0 eng d
037 _cREF
040 _aAL
_cAL
041 _2San
_aSanskrit
084 _aP15:4k 152M2
_qभाग 1 अ - न
245 _aपद्मचन्द्रकोश
_b: बहत् संस्कृत हिन्दी शब्दकोश
260 _aभारत, नई दिल्ल
_bमेहरचन्द लछमनदास पब्लिकेशन्स
_c1982
300 _a489पृ0
365 _b625
440 _vभाग 1 अ - न
650 _2हिन्दी भाषा
700 _aगुप्त, धर्मेन्द्र कुमार
_eम्कण्
_9818864
700 _aबन्धु, विपिनचन्द्र
_eम्कण्
_9818865
942 _2CC
_cREF
_hP15:4k 152M2
_n0
999 _c1434883
_d1434883